Избранное: В 2 т.; пер. с англ.; Т. 1; Опасный поворот; Ракитовая аллея; Время и семья Конвей; Таинственное происшествие в отеле "Гринфингерс"; Когда мы женаты; Они пришли к городу "Золотое руно"
| Главный автор: | |
|---|---|
| Другие авторы: | , |
| Язык: | русский |
| Опубликовано: |
Москва, Искусство, 1987
|
| Содержание: | Опасный поворот; Ракитовая аллея; Время и семья Конвей; Таинственное происшествие в отеле "Гринфингерс"; Когда мы женаты; Они пришли к городу "Золотое руно"; |
| Предметы: | |
| Формат: | Книга |
| Запись в KOHA: | https://koha.lib.tpu.ru/cgi-bin/koha/opac-detail.pl?biblionumber=143161 |
MARC
| LEADER | 00000nam0a2200000 4500 | ||
|---|---|---|---|
| 001 | 143161 | ||
| 005 | 20231031143136.0 | ||
| 020 | |a RU |b 87-64097 | ||
| 035 | |a (RuTPU)RU\TPU\book\155130 | ||
| 090 | |a 143161 | ||
| 100 | |a 20080917g1987 m y0rusy5003 ca | ||
| 101 | 1 | |a rus |c eng | |
| 102 | |a RU | ||
| 105 | |a c z 000ay | ||
| 200 | 1 | |a Избранное |e В 2 т. |e пер. с англ. |h Т. 1 |f Д. Б. Пристли |g сост., редакт. и коммент. В. Ворсобин ; худож. О. Л. Лозовская | |
| 210 | |a Москва |c Искусство |d 1987 | ||
| 215 | |d 17 см |a 638 с. |c портр. | ||
| 464 | |t Опасный поворот |o пьеса | ||
| 464 | |t Ракитовая аллея |o пьеса | ||
| 464 | |t Время и семья Конвей |o пьеса | ||
| 464 | |t Таинственное происшествие в отеле "Гринфингерс" |o пьеса | ||
| 464 | |t Когда мы женаты |o пьеса | ||
| 464 | |t Они пришли к городу "Золотое руно" |o пьеса | ||
| 610 | 1 | |a английская литература | |
| 610 | 1 | |a драматургия | |
| 610 | 1 | |a пьесы | |
| 675 | |a 82 |z rus | ||
| 700 | 1 | |a Пристли |b Д. Б. |g Джон Бойнтон |4 070 | |
| 702 | 1 | |a Ворсобин |b В. |4 220 | |
| 702 | 1 | |a Лозовская |b О. Л. |4 440 | |
| 801 | 0 | |a RU |b RuMRKP |c 19950417 |g psbo | |
| 801 | 1 | |a RU |b 63413507 |c 20080917 |g PSBO | |
| 801 | 2 | |a RU |b 63413507 |c 20080917 |g PSBO | |
| 942 | |c BK | ||